| 000 | 01350cam a2200289 a 4500 | ||
|---|---|---|---|
| 999 |
_c233172 _d233172 |
||
| 001 | 15000560 | ||
| 003 | Nust | ||
| 005 | 20170303151341.0 | ||
| 008 | 070910s1906 gw 000 1 eng c | ||
| 010 | _aa 11000084 | ||
| 020 | _a9781853261381 | ||
| 040 |
_aUniversity of Michigan Library _cDLC _dDLC |
||
| 043 | _ae-uk--- | ||
| 050 | 0 | 0 |
_aPR4854 _b.C2 1897e |
| 082 |
_a823.8 _bKIP |
||
| 100 | 1 |
_aKipling, Rudyard, _d1865-1936. |
|
| 245 | 1 | 0 |
_aPuck of Pook's Hill / _cby Rudyard Kipling. |
| 250 | _aCopyright ed. | ||
| 260 |
_aLeipzig : _bTauchnitz, _c1906. |
||
| 300 |
_a224 p. ; _c16 cm. |
||
| 490 | 0 |
_aCollection of British authors ; _vv. 3924 |
|
| 501 |
_aWith: Kipling, Rudyard. Captains courageous. Leipzig : Tauchnitz, 1897. Bound together subsequent to publication. _5DLC |
||
| 505 | 0 | _aWeland's sword -- Young men at the manor -- The knights of the joyous venture -- Old men at Pevensey -- A centurion of the Thirtieth -- On the great wall -- The winged hats -- Hal o' the draft -- "Dymchurch Flit" -- The treasure and the law. | |
| 510 | 4 |
_aStewart, J.M. Kipling, _cp. 559 |
|
| 561 | _5DLC | ||
| 650 | 0 |
_aSpace and time _vFiction. |
|
| 651 | 0 |
_aGreat Britain _xHistory _vFiction. |
|
| 710 | 2 |
_aChandler Kipling Collection (Library of Congress) _5DLC |
|
| 906 |
_a7 _bcbc _cpremver _d1 _encip _f19 _gy-genrareb |
||
| 942 |
_2ddc _cBK |
||